| 000 | 00956nam a2200253 a 4500 | ||
|---|---|---|---|
| 001 | 000005867 | ||
| 005 | 20200929151822.0 | ||
| 008 | 090824s2000 dr 001 0 spa d | ||
| 040 |
_aDO-SdBNP _bspa _cBNPHU |
||
| 082 |
_a344.099 _bH878L |
||
| 100 | 1 |
_aMorrison, Heriberto _96495 |
|
| 245 | 1 | 0 |
_aLey general de deportes / _cHeriberto Morrison. |
| 260 |
_aSanto Domingo : _bAmigo del Hogar, _c2000. |
||
| 300 |
_a77 p. ; _c22 cm. |
||
| 490 | 1 |
_aConversatorios de la reforma _v21 |
|
| 500 | _aConversatorio realizado el 9 de junio de 1999. | ||
| 590 | _aInventariado,2018/DG | ||
| 650 | 4 |
_aDeportes _xLegislación _916540 |
|
| 651 | 4 |
_aRepública Dominicana _xLeyes _916541 |
|
| 650 | 4 |
_aReformas constitucionales _zRepública Dominicana _98313 |
|
| 710 | 1 | 2 |
_aRepública Dominicana. _bComisión Presidencial para la Reforma y Modernización del Estado. _97089 |
| 830 | 0 |
_aConversatorios de la reforma _v21 _916542 |
|
| 910 | _aValidado. Control de calidad EMS | ||
| 999 |
_c5663 _d5663 |
||